000 00257nam a2200109Ia 4500
008 190216s9999||||xx |||||||||||||| ||und||
100 _aNambiar M C K
245 0 _aElements Of Book-Keeping And Accounts
260 _bNull
_c1982
300 _a670p
942 _cBK
999 _c3903
_d3903